10 questions sur l'Algérie - Statistiques

Statistiques générales
  • Ce quiz a été pris 106 fois
  • Le résultat moyen est 6 sur 10
Statistiques - réponses
Question Réponse % Correct
Sur quel continent? Afrique
100%
Quelle est la capitale? Alger
99%
Quelle est la carte?
95%
Quel empire place Alger sous sa protection pour lutter contre la menace d'occupation espagnole en 1518? L'empire Ottoman
92%
Quel parti a gagné les élections législatives le 10 mai 2012? Le Front de Libération National
64%
Quel titre honorifique est donné aux dirigeants d'Alger par les ottomans? Dey
56%
Quand ce titre est-il aboli ? En 1830
43%
Quel pourcentage a voté pour l'indépendance? 99.7%
35%
Qu'est-ce que A.E.M.A.N.? Association des Étudiants Musulmans d'Afrique du Nord
19%
Quand a été mis en place le référendum sur l'autodétermination? Le premier juillet 1962
11%
Aucun quiz correspondant
Distribution des résultats
% des personnes avec chaque résultat
Percentile par nombre de réponses
Votre historique - résultats
Vous n’avez pas pris ce quiz